00464 a2200109 4500001001000000005001700010008004100027245016700068100002000235700002300255773007600278ART_6347720260410161612.0260409a 10aBienes de cambio intangibles y desarrollado: una pareja que no termino de constituirse bajo el paragua de la norma unificada argentina de contabilidad (NUA) RT 541 aSimaro, Gustavo1 aTorchelli, Valeria0 tProfesional & Empresariag- Año XXVI, Nº 305 (sep./oct. 2025)wREV70